000 00951nam a2200289 a 4500
003 CHAP
005 20220329143609.0
008 100813s1994 mx a r 10000 spa d
010 _a99067
011 _a100039
020 _a9789701510568
035 _a110725
040 _cCHAP
082 0 4 _a620.112
_bP99
100 0 0 _aPytel, Andrew.
_993104
245 1 0 _aResistencia de materiales
_c/por Andrew Pytel y Ferdinand L. Singer
260 _aMéxico :
_bOxford University,
_cc1994
300 _axxxi, 584 p. :
_bilus.
534 _pTit. original :
_tStrength of materials.
_cNew York, NY : Harper, c1987
_b4 ed.
590 _aBATCH-UPD
_b10
_c20130110
_lUCH01
_h1608
590 _aCONVERSION
_b10
_c20130109
_lUCH01
_h1355
650 1 4 _aResistencia de materiales.
_996123
700 0 _aSinger, Ferdinand Leon.
_9106585
901 _aBK
942 _cLIBRO
949 _a620.112 P99y
_bBC
_cLIBRO
_d33724002059347
_eLIBRO
_gI.c/e
_h109285
_i110725
_si
_t$238.00
999 _c99067
_d99067